Spell the Fantastic Four Member #14 - Statistics

General Stats
  • This quiz has been taken 12 times
  • The average score is 7 of 13
Answer Stats
Picture Answer % Correct
Ant-Man
100%
Namor the Sub-Mariner
100%
Thing
100%
Black Bolt
91%
Black Panther
55%
Karnak
55%
Roz Solomon
55%
Crystal
45%
Lyja the Laserfist
45%
Asha
27%
Ebony
18%
Huntara
18%
Pinyon
18%
No matching quizzes found
Score Distribution
Percent of People with Each Score
Percentile by Number Answered
Your Score History
You have not taken this quiz